Web services enhancements : (Record no. 12955)

000 -LEADER
fixed length control field 00860cam a22002417a 4500
020 ## - INTERNATIONAL STANDARD BOOK NUMBER
ISBN 0764537369
040 ## - CATALOGING SOURCE
Transcribing agency AUM
082 00 - DEWEY DECIMAL CLASSIFICATION NUMBER
Classification number 006 WIL 2003 A005 Or.
100 1# - MAIN ENTRY--AUTHOR NAME
Personal name Evjen, Bill.
245 10 - TITLE STATEMENT
Title Web services enhancements :
Remainder of title understanding the WSE for .NET enterprise applications /
260 ## - PUBLICATION, DISTRIBUTION, ETC. (IMPRINT)
Place of publication Indianapolis :
Name of publisher Wiley,
Year of publication c2003.
300 ## - PHYSICAL DESCRIPTION
Number of Pages xxv, 352 p. :
Other physical details ill. ;
Dimensions 24 cm.
500 ## - GENERAL NOTE
General note Includes index.
500 ## - GENERAL NOTE
General note Companion web site includes downloadable programming code.
650 #0 - SUBJECT ADDED ENTRY--TOPICAL TERM
Topical Term Web services.
650 #0 - SUBJECT ADDED ENTRY--TOPICAL TERM
Topical Term Microsoft .NET Framework.
650 #0 - SUBJECT ADDED ENTRY--TOPICAL TERM
Topical Term Internet programming.
650 #0 - SUBJECT ADDED ENTRY--TOPICAL TERM
Topical Term Web site development.
856 42 - ELECTRONIC LOCATION AND ACCESS
Uniform Resource Identifier http://www.loc.gov/catdir/bios/wiley046/2002114852.html
856 42 - ELECTRONIC LOCATION AND ACCESS
Uniform Resource Identifier http://www.loc.gov/catdir/description/wiley039/2002114852.html
856 41 - ELECTRONIC LOCATION AND ACCESS
Uniform Resource Identifier http://www.loc.gov/catdir/toc/wiley031/2002114852.html
942 ## - ADDED ENTRY ELEMENTS (KOHA)
Koha item type សៀវភៅភាសាអង់គ្លេស
952 ## - LOCATION AND ITEM INFORMATION (KOHA)
Withdrawn status [LOCAL, KOHA] 0
Holdings
Permanent Location Date acquired Koha item type Lost status Shelving location Barcode Current Location Full call number
Library Block A2017-08-18សៀវភៅភាសាអង់គ្លេស A003A22585Library Block A006 WIL 2003 A003 Or.
មជ្ឈមណ្ឌលឯការនៃសាកលវិទ្យាល័យភូមិន្ទកសិកម្មចំការដូង

Powered by Koha